UM Logo

Under the eye of the clock: (Record no. 8431)

MARC details
000 -LEADER
fixed length control field 00516nam a2200157 4500
008 - FIXED-LENGTH DATA ELEMENTS--GENERAL INFORMATION
fixed length control field 180206b xxu||||| |||| 00| 0 eng d
020 ## - INTERNATIONAL STANDARD BOOK NUMBER
International Standard Book Number 0-385-29713-0
082 ## - DEWEY DECIMAL CLASSIFICATION NUMBER
Edition number 1989
Classification number DC 920
Item number N71
100 ## - MAIN ENTRY--PERSONAL NAME
9 (RLIN) 26112
Personal name Nolan, Christopher
245 ## - TITLE STATEMENT
Title Under the eye of the clock:
Remainder of title the life story of Christopher Nolan/
Statement of responsibility, etc. Christopher Nolan.
260 ## - PUBLICATION, DISTRIBUTION, ETC. (IMPRINT)
Place of publication, distribution, etc. New York:
Name of publisher, distributor, etc. Bantam Doubleday Dell Publishing Group, Inc.
Date of publication, distribution, etc. ©1987.
300 ## - PHYSICAL DESCRIPTION
Extent viii,163 pages;
Dimensions 19 cm.
650 #0 - SUBJECT ADDED ENTRY--TOPICAL TERM
9 (RLIN) 26113
Topical term or geographic name as entry element Biography
365 ## - TRADE PRICE
Price amount 5.95
Currency code $
942 ## - ADDED ENTRY ELEMENTS (KOHA)
Source of classification or shelving scheme Dewey Decimal Classification
Koha item type Circulation
Holdings
Withdrawn status Lost status Source of classification or shelving scheme Damaged status Not for loan Collection code Home library Current library Date acquired Source of acquisition Total Checkouts Full call number Barcode Date last seen Copy number Price effective from Koha item type
    Dewey Decimal Classification     Circulation UM Digos College - LIC UM Digos College - LIC 01/14/1995 Donated   DC 920 N71 1989 11651 06/08/2021 1 02/06/2018 Circulation